Telmányi
Elmentve itt :
| Dokumentumtípus: | Cikk |
|---|---|
| Megjelent: |
1923-03-09
|
| Sorozat: | Délmagyarország
4 No. 55 |
| Kulcsszavak: | Telmányi Emil, Rácz Lili, Zenei élet hangverseny Szeged 1923, zeneélet |
| Online Access: | http://dmarchiv.bibl.u-szeged.hu/75756 |
| LEADER | 00437nab a2200145 i 4500 | ||
|---|---|---|---|
| 001 | delm75756 | ||
| 005 | 20180928084406.0 | ||
| 008 | 180928s1923 hu o 0|| hun d | ||
| 040 | |a SZTE Délmagyarország Archívum |b hun | ||
| 041 | |a hun | ||
| 245 | 0 | 0 | |a Telmányi |h [elektronikus dokumentum] |
| 260 | |c 1923-03-09 | ||
| 300 | |a 5 | ||
| 490 | 0 | |a Délmagyarország |v 4 No. 55 | |
| 695 | |a Telmányi Emil, Rácz Lili, Zenei élet hangverseny Szeged 1923, zeneélet | ||